[Event "3.RSCO"]
[Site "Rostock"]
[Date "2003.??.??"]
[Round "3"]
[White "Magellan, Mephisto"]
[Black "Berlin Pro, Mephisto"]
[Result "1-0"]
[WhiteElo "2195"]
[BlackElo "2254"]
[Annotator "Völschow,Michael"]
[PlyCount "79"]
[EventDate "2003.??.??"]
[EventRounds "10"]
[EventCountry "GER"]
[SourceDate "2003.03.19"]

1. e4 c6 2. d4 d5 3. Nc3 dxe4 {*} 4. Bc4 Bf5 5. f3 exf3 6. Nxf3 Nf6 7. Ne2 {*}
e6 8. Bf4 Bd6 9. c3 Nd5 10. Bxd5 cxd5 11. Qb3 Bxf4 12. Qxb7 Nd7 (12... Be3 13.
Qxa8 Qb6 14. b3 O-O $19) 13. Nxf4 Rb8 14. Qxa7 Rxb2 15. Qa3 Qb8 16. O-O h6 17.
Rae1 Be4 18. c4 $1 {Klasse, der Magellan in seinem Element. Die e-Linie muss
geöffnet werden. Der Berlin Pro wackelt gewaltig.} Nf6 19. cxd5 Bxd5 {-0,12}
20. Nxd5 Nxd5 {+2,0} 21. Ne5 Rb7 22. Qa4+ Kf8 23. Qa6 Kg8 {-1,90} 24. Nxf7 $1
Rb6 (24... Rxf7 25. Rxf7 Kxf7 26. Qxe6+) 25. Qe2 Rh7 26. Qh5 Nf4 27. Qg4 Kxf7
28. Rxf4+ Kg8 29. Ref1 g5 30. Rf6 Qd6 31. Rxh6 Qe7 32. Rg6+ Rg7 33. Qh5 Rb8 34.
Rh6 Rh7 35. Rxh7 Qxh7 36. Qxg5+ Qg7 37. Qe3 Qg6 38. a3 Rb1 39. Rxb1 Qxb1+ 40.
Kf2 1-0

[Event "3.RSCO"]
[Site "Rostock"]
[Date "2003.??.??"]
[Round "4"]
[White "Berlin Pro, Mephisto"]
[Black "Magellan, Mephisto"]
[Result "1/2-1/2"]
[WhiteElo "2254"]
[BlackElo "2195"]
[Annotator "Völschow,Michael"]
[PlyCount "119"]
[EventDate "2003.??.??"]
[EventRounds "10"]
[EventCountry "GER"]
[SourceDate "2003.03.19"]

1. e4 c5 2. Nf3 d6 3. d4 cxd4 4. Nxd4 Nf6 5. Nc3 g6 6. Be3 Bg7 7. f3 Nc6 8. Qd2
O-O 9. O-O-O d5 10. exd5 Nxd5 11. Nxc6 bxc6 12. Bd4 e5 13. Bc5 Be6 14. Ne4 Re8
15. h4 h6 {*} 16. g4 Nf4 17. Qe3 {*} Qa5 18. a3 Reb8 19. g5 h5 20. Rh2 (20.
Nf6+) 20... Rb7 21. Nd6 Rd7 22. Rhd2 Rad8 23. Nc4 {+0,66} Bxc4 {+0,4} 24. Rxd7
{0,00} Rxd7 25. Bxc4 Ng2 26. Qf2 Rxd1+ 27. Kxd1 Nxh4 28. Bd3 Nf5 29. Bxa7 Nd4
30. Bxd4 exd4 31. f4 Qd5 32. a4 Kf8 33. f5 gxf5 34. Qxf5 Qxf5 35. Bxf5 Ke7 36.
a5 Kd6 37. Ke2 d3+ {-0,4} 38. Bxd3 {+0,69} Bxb2 $11 39. Bc4 f6 $2 {Wieder
einmal greift der Magellan im Endspiel fehl.} 40. g6 f5 {-1,8} 41. Bd3 Ke6 42.
Kf3 Kf6 43. a6 Bd4 44. Bxf5 Ba7 45. Be4 Bb8 46. Kg2 Kg7 47. Kh3 Ba7 48. Kg3 Bb6
49. c4 Ba7 50. Bd3 Bc5 51. Kf3 Kf6 52. Bc2 Ba7 53. Kg3 Kg7 54. Be4 Bb6 55. Bf5
Bg1 56. Bb1 Bb6 57. Kg2 Kf6 58. Kf3 Kg7 59. Kg3 Be3 60. Kg2 {und es reicht.
Der Berlin Pro findet keinen Gewinnweg.} 1/2-1/2

[Event "3.RSCO"]
[Site "Rostock"]
[Date "2003.??.??"]
[Round "5"]
[White "Magellan, Mephisto"]
[Black "Berlin Pro, Mephisto"]
[Result "1/2-1/2"]
[WhiteElo "2195"]
[BlackElo "2254"]
[Annotator "Völschow,Michael"]
[PlyCount "143"]
[EventDate "2003.??.??"]
[EventRounds "10"]
[EventCountry "GER"]
[SourceDate "2003.03.19"]

1. d4 Nf6 2. c4 e6 3. Nc3 Bb4 4. e3 O-O 5. Nf3 d5 {*} 6. cxd5 exd5 7. Bd3 {*}
Re8 8. a3 Bd6 9. O-O c6 10. b4 Bg4 11. Bb2 Ne4 12. Be2 Nd7 13. h3 Nxc3 14. Bxc3
Bxf3 15. Bxf3 a6 16. Re1 Qh4 17. Bb2 Qg5 18. Qb3 Rad8 19. a4 Ra8 20. b5 axb5
21. axb5 Rxa1 22. Rxa1 Qg6 23. Ra7 Rb8 24. Ba3 Bxa3 25. Rxa3 {+0,6} Qd6 26. Ra7
Nf6 27. Kf1 c5 $2 {Die Dame stellt sich freiwillig in die Fesselung.} 28. dxc5
$6 (28. Qa3 Qd7 29. Qxc5 Rc8 30. Qb4) 28... Qxc5 29. Qa4 Ne8 30. Be2 Nd6 31.
Bd3 Qc1+ 32. Ke2 Qb2+ 33. Kf3 Ne4 34. Bxe4 dxe4+ 35. Qxe4 Qxb5 36. Qf4 Qc6+ 37.
Kg3 Rd8 38. Qb4 Rb8 39. e4 Qc7+ 40. Kf3 g6 41. g3 Qc6 42. Ke3 b5 43. Qe7 Qe6
44. Qc7 (44. Qxe6 fxe6 45. Kd4 b4 46. Ra2 Kf7 47. f4 b3 48. Rb2) 44... Qb6+ (
44... Re8) 45. Kd3 (45. Qxb6 Rxb6 46. Kd3 h5 47. Kc3 Rf6 48. Ra2 h4 49. Kb4 g5
50. Kxb5) 45... Qxc7 46. Rxc7 b4 47. Kc2 b3+ 48. Kb2 g5 49. f3 Rb6 50. Rc5 f6
51. Rc3 Kf7 52. Rxb3 Rc6 53. Rb7+ Kg6 54. Rb8 h6 55. Rg8+ Kf7 56. Rh8 Kg7 57.
Rd8 Kg6 58. Rd3 Rb6+ 59. Rb3 Rc6 60. Rc3 Ra6 61. Rc5 Kf7 62. Rc7+ Kg6 63. Rc8
Kf7 64. Rh8 Kg6 65. Rf8 Rc6 66. Rb8 Kf7 67. Ra8 Kg7 68. Ra5 Kf7 69. Ra7+ Kg6
70. Rd7 Rc5 71. Rd3 Rc6 72. Rd1 1/2-1/2

[Event "3.RSCO"]
[Site "Rostock"]
[Date "2003.??.??"]
[Round "6"]
[White "Berlin Pro, Mephisto"]
[Black "Magellan, Mephisto"]
[Result "1/2-1/2"]
[WhiteElo "2254"]
[BlackElo "2195"]
[Annotator "Völschow,Michael"]
[PlyCount "105"]
[EventDate "2003.??.??"]
[EventRounds "10"]
[EventCountry "GER"]
[SourceDate "2003.03.19"]

1. e4 c5 2. Nc3 Nc6 3. g3 g6 4. Bg2 Bg7 5. d3 d6 6. f4 e6 7. Nf3 Nge7 {*} 8.
Be3 {*} d5 9. Bxc5 d4 10. Bxe7 Qxe7 11. Ne2 Qb4+ 12. Qd2 Qxb2 13. O-O O-O 14.
a4 Qb6 15. e5 f6 16. exf6 Bxf6 17. Rfb1 Qc7 18. Qc1 e5 19. fxe5 Bxe5 20. Qb2
Bg7 21. Nf4 Kh8 22. Rf1 Bg4 23. Rab1 b6 24. Ng5 Rae8 25. Nd5 Qd7 26. Qb5 Ne5
27. h3 Qd8 28. Ne4 Bd7 29. Qa6 Bc8 (29... Bxh3 30. Bxh3 Qxd5 31. Qxa7 Nf3+ 32.
Kh1 Qh5 33. Qd7 Ne5 34. Rxf8+ Rxf8 35. Qe6 Rf5) 30. Qb5 a6 31. Qb3 Be6 32. c4 {
-1,00} dxc3 {+1,1} 33. Nexc3 Rxf1+ 34. Rxf1 Nxd3 35. Kh2 Bxd5 36. Nxd5 Ne1 37.
Qc4 Nxg2 38. Kxg2 Qa8 39. Kh2 b5 40. axb5 Rc8 41. Qd3 axb5 42. Rd1 Qa2+ 43. Rd2
Qc4 44. Qe3 Rf8 45. Qe7 h6 46. Nf4 Rxf4 47. Rd8+ Rf8 48. Rxf8+ Bxf8 49. Qxf8+
Kh7 50. Qe7+ Kg8 51. Qe8+ {-0,45} Kg7 52. Qe7+ Qf7 53. Qe5+ 1/2-1/2

[Event "3.RSCO"]
[Site "Rostock"]
[Date "2003.??.??"]
[Round "7"]
[White "Magellan, Mephisto"]
[Black "Berlin Pro, Mephisto"]
[Result "0-1"]
[WhiteElo "2195"]
[BlackElo "2254"]
[Annotator "Völschow,Michael"]
[PlyCount "56"]
[EventDate "2003.??.??"]
[EventRounds "10"]
[EventCountry "GER"]
[SourceDate "2003.03.19"]

1. e4 c6 2. d4 d5 3. Nc3 dxe4 {*} 4. Bc4 {*} b5 5. Bb3 Nf6 6. Bg5 b4 7. Nce2 h6
8. Bf4 Nd5 9. Qd2 e6 10. c4 bxc3 11. bxc3 Be7 12. Rb1 Ba6 13. Bc2 f5 14. Bd1
O-O 15. Ba4 c5 16. dxc5 Bxc5 17. Bb3 Nc6 {+1,57} 18. h3 {-1,0} Rc8 (18... Ncb4
$1 19. Bc4 Bxc4 20. Rxb4 Bxb4 21. cxb4 a5 22. b5 Qf6 $19) 19. Bxh6 $2 {Der
letzte Versuch?} gxh6 {+2,90} 20. Qxh6 Qf6 {+3,69} 21. Qxf6 Rxf6 22. Rd1 Ne5
23. Bxd5 Nd3+ (23... exd5) 24. Rxd3 exd3 25. Bb3 dxe2 26. Nxe2 Bb6 27. h4 Bxe2
28. Kxe2 Rxc3 0-1

[Event "3.RSCO"]
[Site "Rostock"]
[Date "2003.??.??"]
[Round "8"]
[White "Berlin Pro, Mephisto"]
[Black "Magellan, Mephisto"]
[Result "0-1"]
[WhiteElo "2254"]
[BlackElo "2195"]
[Annotator "Völschow,Michael"]
[PlyCount "148"]
[EventDate "2003.??.??"]
[EventRounds "10"]
[EventCountry "GER"]
[SourceDate "2003.03.19"]

1. e4 c5 2. Nf3 d6 3. d4 cxd4 4. Nxd4 Nf6 5. Nc3 g6 6. Be3 Bg7 7. f3 O-O 8. Qd2
Nc6 9. O-O-O d5 10. exd5 Nxd5 11. Nxc6 bxc6 12. Bd4 e5 13. Bc5 Be6 14. Ne4 Re8
15. h4 h6 {*} 16. g4 Nf4 17. Qe3 {*} Qa5 18. a3 Reb8 19. g5 h5 20. Qg1 $6 Rd8
21. Bd6 Nd5 22. Bc5 {0,00} Rd7 23. Bf2 Rb8 24. Bc5 Rdb7 25. b3 Nc3 26. Rd3 Nxe4
27. fxe4 Qe1+ 28. Rd1 Qc3 29. Rd3 Qa1+ 30. Kd2 Qb2 31. b4 Bc4 32. Rd6 Bxf1 33.
Qxf1 Bf8 34. Rd3 Bxc5 35. bxc5 Qb5 36. Qf3 Qxc5 37. Rf1 Qa5+ 38. Rc3 a6 39. Ke2
Rd7 40. Kf2 Qa4 41. Kg1 Rb2 42. Rf2 Rb1+ 43. Kg2 Rb8 44. Rc5 Re8 45. Re2 Rc7
46. Qd3 Rcc8 47. Rf2 Re6 48. Rf3 Rf8 49. Rc4 Qb5 50. Qc3 Qb7 51. Rb4 Qd7 52.
Rd3 Rd6 53. Rxd6 Qxd6 54. Qd3 Qe6 55. Qe2 c5 56. Ra4 Ra8 57. Ra5 Qb6 58. Ra4
Kf8 59. Kg3 Qb2 60. Qd3 Ke7 (60... Qc1 61. Kg2 Qe1 62. Rc4 Rc8 63. Ra4 Qxh4 64.
Qg3 Qxg3+ 65. Kxg3 Rc6) 61. Rxa6 Rxa6 62. Qxa6 Qc3+ 63. Kf2 Qd2+ 64. Kf3 Qf4+
65. Ke2 Qxe4+ 66. Kd2 Qd4+ 67. Ke2 Qg4+ 68. Kd2 Qf4+ 69. Kc3 Qd4+ 70. Kb3 e4
71. c3 {-0,87} Qd5+ (71... Qd1+ 72. Kb2 Qd2+ 73. Kb1 e3 $19) 72. Qc4 Qf5 73. a4
$4 {-1,18} (73. Qe2) 73... e3 74. a5 Qb1+ {+5,9} 0-1

[Event "3.RSCO"]
[Site "Rostock"]
[Date "2003.??.??"]
[Round "9"]
[White "Magellan, Mephisto"]
[Black "Berlin Pro, Mephisto"]
[Result "1/2-1/2"]
[WhiteElo "2195"]
[BlackElo "2254"]
[Annotator "Völschow,Michael"]
[PlyCount "86"]
[EventDate "2003.??.??"]
[EventRounds "10"]
[EventCountry "GER"]
[SourceDate "2003.03.19"]

1. e4 Nf6 2. e5 Nd5 3. d4 d6 4. c4 Nb6 5. exd6 cxd6 6. Be3 Bf5 7. Nc3 {*} e6 8.
Nf3 Be7 {*} 9. Rc1 O-O 10. Bd3 Bxd3 11. Qxd3 d5 12. cxd5 Nxd5 13. Qb5 {+0,6}
Qb6 14. Qxb6 Nxb6 15. Ne4 Nc6 16. Ne5 Bb4+ 17. Ke2 Nxe5 18. dxe5 Nd5 19. h3 b6
20. f4 Rfd8 21. g4 Rac8 22. a3 Be7 23. Rxc8 (23. f5 exf5 24. gxf5 g6 25. fxg6
hxg6 26. Rxc8 Rxc8 27. Rc1) 23... Rxc8 24. Rd1 g6 {0,00} 25. Rd4 Kg7 26. b4 a5
27. Bd2 axb4 28. axb4 Rc2 29. Kd1 Ra2 30. f5 Kg8 31. f6 Bxb4 32. Bxb4 Ra4 33.
Bc5 Ra1+ 34. Kc2 bxc5 35. Nxc5 Ra2+ 36. Kc1 h6 37. Rc4 g5 38. Nd3 Kh7 39. Rc8
Ra3 (39... Nf4 40. Nxf4 gxf4 41. Kd1 Ra5 42. Rc7 Kg6 43. Rc4 Kg5 44. Re4 Ra3
$19) 40. Kd2 Ra2+ 41. Kd1 Ne3+ 42. Ke1 Ng2+ 43. Kd1 Ne3+ 1/2-1/2

[Event "3.RSCO"]
[Site "Rostock"]
[Date "2003.??.??"]
[Round "10"]
[White "Berlin Pro, Mephisto"]
[Black "Magellan, Mephisto"]
[Result "1/2-1/2"]
[WhiteElo "2254"]
[BlackElo "2195"]
[Annotator "Völschow,Michael"]
[PlyCount "66"]
[EventDate "2003.??.??"]
[EventRounds "10"]
[EventCountry "GER"]
[SourceDate "2003.03.19"]

1. d4 d5 2. c4 e6 3. Nf3 Nf6 4. Bg5 Be7 5. Nc3 O-O 6. cxd5 {*} exd5 7. e3 Bf5 {
*} 8. Bxf6 Bxf6 9. Qb3 b6 $2 (9... c5 10. Nxd5 cxd4 11. Nxf6+ Qxf6 12. Nxd4)
10. Qxd5 {+1,42} Qxd5 11. Nxd5 Bd8 12. Rc1 c6 13. Nb4 Bf6 14. Bd3 a5 15. Bxf5
axb4 16. Bb1 c5 17. O-O Re8 18. Rfd1 Nd7 19. dxc5 Nxc5 20. Nd4 b3 21. a3 Ne6
22. Nxe6 fxe6 23. Rd2 Red8 24. Re2 Rac8 25. Rce1 Rd6 26. e4 Be5 27. g3 g5 28.
Kf1 Rcd8 29. Re3 {0,00} Rd2 30. Rxb3 Bd4 {0,00} 31. Rf3 Rf8 32. Rxf8+ Kxf8 33.
Re2 Rd1+ 1/2-1/2

[Event "3.RSCO"]
[Site "Rostock"]
[Date "2003.??.??"]
[Round "1"]
[White "Montreux, Mephisto"]
[Black "London 32 Bit, Mephisto"]
[Result "1/2-1/2"]
[WhiteElo "2254"]
[BlackElo "2227"]
[Annotator "Völschow,Michael"]
[PlyCount "130"]
[EventDate "2003.??.??"]
[EventRounds "10"]
[EventCountry "GER"]
[SourceDate "2003.03.19"]

1. e4 e5 2. Nf3 Nc6 3. Nc3 Nf6 4. d4 exd4 5. Nd5 d6 6. Nxd4 Be7 7. Bf4 Nxd5 8.
exd5 Nxd4 9. Qxd4 Bf6 10. Qe4+ Qe7 {*} 11. Qxe7+ Bxe7 12. Bd3 {*} O-O 13. O-O
Bf6 14. c3 a5 15. Rfe1 a4 16. a3 g6 17. Bh6 Rd8 18. Re3 Ra5 19. Rae1 Bd7 20.
Bc4 Rb8 21. R3e2 Rba8 22. Ba2 Be5 23. f4 Bf6 24. Bg5 Bxg5 25. fxg5 Kf8 {-0,21}
26. c4 Rc5 27. Re4 b5 28. Rf4 Bf5 29. cxb5 Rxb5 30. Re2 Re8 31. Rxe8+ Kxe8 32.
Rxa4 Rxb2 33. Bc4 Be4 34. Bb5+ Rxb5 35. Rxe4+ Kd7 36. Rd4 Rb3 37. a4 Rc3 38.
Kf2 Rc2+ 39. Kf3 Rc3+ 40. Kf4 c5 41. dxc6+ Kxc6 42. Ke4 Rc2 43. Kf3 Rc3+ 44.
Kf4 $6 (44. Ke2 $11) 44... Kc5 45. Ke4 Rc2 {+0,69} 46. Rd5+ Kc6 47. Ra5 Rxg2 {
+0,93} 48. h3 Rh2 49. Ra6+ Kd7 50. Kd5 {0,00} Rd2+ 51. Kc4 Rg2 52. h4 Ke6 {+1,
84} 53. Kb5 Rg4 54. a5 Rxh4 55. Rc6 Kd7 56. Rc1 (56. a6 Rh2 57. Rc4) 56... Rh2
57. a6 Rb2+ {0,00} 58. Ka5 Re2 59. Kb6 Rb2+ 60. Ka7 d5 61. Rf1 d4 62. Rxf7+ Kc6
63. Rxh7 d3 64. Rh8 d2 65. Rd8 Kc7 1/2-1/2

[Event "3.RSCO"]
[Site "Rostock"]
[Date "2003.??.??"]
[Round "2"]
[White "London 32 Bit, Mephisto"]
[Black "Montreux, Mephisto"]
[Result "1/2-1/2"]
[WhiteElo "2227"]
[BlackElo "2254"]
[Annotator "Völschow,Michael"]
[PlyCount "78"]
[EventDate "2003.??.??"]
[EventRounds "10"]
[EventCountry "GER"]
[SourceDate "2003.03.19"]

1. e4 e5 2. Nf3 Nc6 3. d4 exd4 4. Nxd4 Bc5 5. Be3 Qf6 6. c3 Nge7 7. Bc4 O-O 8.
O-O {*} a6 {*} 9. Nxc6 Qxc6 10. Bxc5 Qxc5 11. Qd4 d6 12. Qxc5 dxc5 13. Rd1 Be6
14. Bxe6 fxe6 15. Nd2 Rad8 16. Nf3 Rd6 17. e5 Rxd1+ 18. Rxd1 Nd5 19. h4 h6 20.
c4 Nb4 21. a4 Nc6 22. Rd7 Rf7 23. Rxf7 Kxf7 24. Kh2 Nb4 25. Ne1 b6 26. f4 Kg6
27. g4 Nc6 28. Ng2 h5 29. Kg3 hxg4 30. Kxg4 Nd4 31. Ne3 Nc6 32. h5+ Kh6 33. Kh4
Nd4 34. Ng4+ Kh7 35. Kg3 g6 36. Nf6+ Kh6 37. hxg6 Kxg6 38. Kg4 Kf7 39. Ne4 a5
1/2-1/2

[Event "3.RSCO"]
[Site "Rostock"]
[Date "2003.??.??"]
[Round "3"]
[White "Montreux, Mephisto"]
[Black "London 32 Bit, Mephisto"]
[Result "1/2-1/2"]
[WhiteElo "2254"]
[BlackElo "2227"]
[Annotator "Völschow,Michael"]
[PlyCount "53"]
[EventDate "2003.??.??"]
[EventRounds "10"]
[EventCountry "GER"]
[SourceDate "2003.03.19"]

1. e4 e5 2. f4 exf4 3. Nf3 d5 4. exd5 Nf6 5. c4 c6 6. d4 Bb4+ 7. Nc3 cxd5 {*}
8. Bxf4 O-O 9. Be2 dxc4 10. Bxc4 Re8+ 11. Be5 Nc6 12. O-O {*} Nxe5 13. dxe5
Bc5+ 14. Kh1 Ng4 {+0,33} 15. Ne4 Qc7 $2 (15... Qxd1 16. Raxd1 Bb6 17. Nd6 Be6
18. Rd2 Ne3 19. Bxe6 Rxe6) 16. Nxc5 $6 (16. Rc1 Be3 17. Nd6 Bxc1 18. Bxf7+ Kh8
19. Bxe8 Be3 20. Qe2 Be6 21. Nd4 Bxd4 22. Qxg4 Bxe5 23. Rf8+ Bg8 24. Nf7+)
16... Qxc5 17. Qb3 Be6 18. Bxe6 Rxe6 19. Qxb7 Ree8 20. g3 Reb8 21. Qd7 Nf2+ 22.
Kg2 Rxb2 23. e6 Ne4+ 24. Kh1 Nf2+ 25. Kg2 (25. Rxf2 $1 Rxf2 26. exf7+ Kh8 27.
Qe8+ Qf8 28. Qe4 $18) 25... Ne4+ 26. Kh1 Nf2+ 27. Kg2 1/2-1/2

[Event "3.RSCO"]
[Site "Rostock"]
[Date "2003.??.??"]
[Round "4"]
[White "London 32 Bit, Mephisto"]
[Black "Montreux, Mephisto"]
[Result "1-0"]
[WhiteElo "2227"]
[BlackElo "2254"]
[Annotator "Völschow,Michael"]
[PlyCount "67"]
[EventDate "2003.??.??"]
[EventRounds "10"]
[EventCountry "GER"]
[SourceDate "2003.03.19"]

1. d4 d5 2. c4 c6 3. Nf3 e6 4. e3 Nf6 5. Nc3 Nbd7 6. Bd3 dxc4 7. Bxc4 b5 8. Bd3
a6 9. e4 c5 10. e5 cxd4 11. Nxb5 Nxe5 12. Nxe5 axb5 13. Bxb5+ Bd7 14. Nxd7 Qa5+
15. Bd2 Qxb5 16. Nxf8 Kxf8 17. a4 Qxb2 18. O-O {*} Nd5 {*} 19. a5 Nc3 20. Bxc3
Qxc3 21. a6 f6 $2 (21... g6) 22. Qb1 (22. Rc1 Qa5 23. Qxd4 Kf7 24. Qd7+ Kg6 25.
Rc7 Rhg8 26. Qd3+ Qf5 27. Qg3+ Qg5 28. Qxg5+ fxg5 29. a7) 22... Qc7 23. Qe4 (
23. Rc1) 23... Kf7 24. Qxd4 {+0,42} Rhd8 25. Qe4 Qd6 26. Rfb1 Kg8 27. a7 Kh8
28. Qb7 Kg8 29. h3 h6 30. Ra4 {+1,12} Kh8 31. Rg4 g5 32. Rgb4 {+2,48} Kg8 33.
Qxa8 Rxa8 34. Rb8+ 1-0

[Event "3.RSCO"]
[Site "Rostock"]
[Date "2003.??.??"]
[Round "5"]
[White "Montreux, Mephisto"]
[Black "London 32 Bit, Mephisto"]
[Result "1-0"]
[WhiteElo "2254"]
[BlackElo "2227"]
[Annotator "Völschow,Michael"]
[PlyCount "111"]
[EventDate "2003.??.??"]
[EventRounds "10"]
[EventCountry "GER"]
[SourceDate "2003.03.19"]

1. e4 e5 2. Nf3 Nc6 3. Bc4 Bc5 4. b4 Bxb4 5. c3 Ba5 6. d4 d6 7. Qb3 Qd7 8. dxe5
Bb6 9. exd6 Na5 {*} 10. Qb4 Nxc4 11. Qxc4 {*} Qxd6 12. Ba3 Qf4 13. Nbd2 Be6 14.
Qa4+ c6 15. O-O Nf6 16. Rad1 O-O-O 17. g3 Qh6 {+0,36} 18. Be7 Rd7 19. Qa3 Rd3
20. Rb1 Kc7 21. Rb2 Ng4 22. Bg5 Qh3 $2 (22... Qh5) 23. Qe7+ {+1,67} (23. Rxb6
axb6 24. Qe7+ Rd7 25. Bf4+ Kc8 26. Qa3) 23... Kc8 24. Bf4 Rd7 25. Qa3 Rxd2 26.
Rxd2 {+2,84} (26. Rxb6 Qxf1+ 27. Kxf1 Bc4+ 28. Kg2 Rxf2+ 29. Kh3 Be6 30. Qxa7
Ne5+ 31. g4 Bxg4+ 32. Kh4 g5+ 33. Nxg5 Rxf4 34. Rxb7) 26... g5 27. Rb1 Bc4 28.
Bd6 (28. Be5) 28... f5 29. Qa4 Ba6 30. Qb3 Qh6 31. Qf7 Qg6 32. Nxg5 Nh6 33.
Qxg6 hxg6 34. e5 Bc4 35. e6 Re8 36. Bf4 Ng4 37. Nf7 Rxe6 38. Nd6+ Rxd6 39. Bxd6
Nf6 40. Be5 Ne4 41. Rdb2 Kd7 42. Rd1+ Ke6 43. Bd4 Bxd4 44. cxd4 b6 45. f3 Nd6
46. Kf2 Kd5 47. Rc2 a5 48. h4 Bb5 49. Rcd2 a4 50. Kg2 Ba6 51. Re1 Bc8 52. Re5+
Kc4 53. Rd1 Kc3 54. Re7 Kb2 55. Rc7 Ba6 56. Rxc6 1-0

[Event "3.RSCO"]
[Site "Rostock"]
[Date "2003.??.??"]
[Round "6"]
[White "London 32 Bit, Mephisto"]
[Black "Montreux, Mephisto"]
[Result "0-1"]
[WhiteElo "2227"]
[BlackElo "2254"]
[Annotator "Völschow,Michael"]
[PlyCount "70"]
[EventDate "2003.??.??"]
[EventRounds "10"]
[EventCountry "GER"]
[SourceDate "2003.03.19"]

1. c4 e6 2. Nc3 d5 3. d4 c5 4. cxd5 exd5 5. Nf3 Nc6 {*} 6. Bg5 f6 7. Bf4 {*} g5
$6 (7... c4 8. e4 Bb4 9. Nd2 Nge7 10. exd5 Bxc3 11. bxc3 Nxd5 12. Qf3) 8. Bg3
Be6 9. dxc5 Bxc5 10. a3 {+0,84} d4 11. Ne4 Be7 12. Rc1 h5 13. h4 g4 14. Nfd2
Qb6 15. b4 a5 16. bxa5 $6 (16. Qa4 Rd8 17. b5) 16... Qxa5 {+0,68} 17. Nd6+ Kd7
(17... Bxd6) 18. Nxb7 {+0,78} Qa7 {+0,80} 19. Rb1 Qxa3 20. Qc2 {+0,09} Bb4 21.
Rc1 Qc3 22. Qd1 Qb2 {+3,03} 23. Bf4 Bxd2+ 24. Bxd2 Qxb7 25. Bc3 Ke8 26. Bxd4
Rd8 27. Qa4 Rxd4 28. Qxc6+ {-2,12} Qxc6 29. Rxc6 Kd7 30. Ra6 Rb4 31. Ra7+ Kd6
32. g3 Bd5 33. Ra6+ Ke5 34. Ra5 Ne7 35. Bg2 Rb1+ 0-1

[Event "3.RSCO"]
[Site "Rostock"]
[Date "2003.??.??"]
[Round "7"]
[White "Montreux, Mephisto"]
[Black "London 32 Bit, Mephisto"]
[Result "1-0"]
[WhiteElo "2254"]
[BlackElo "2227"]
[Annotator "Völschow,Michael"]
[PlyCount "109"]
[EventDate "2003.??.??"]
[EventRounds "10"]
[EventCountry "GER"]
[SourceDate "2003.03.19"]

1. e4 e5 2. f4 exf4 3. Nf3 d6 4. Bc4 Be6 5. Bxe6 fxe6 6. d4 Qf6 {*} 7. e5 Qf5
8. O-O Be7 9. Nh4 $6 {+0,79} Bxh4 10. Rxf4 Qg6 11. Rxh4 Ne7 $6 (11... dxe5 12.
Rg4 Qh5 13. Nc3 Ne7 14. dxe5 Nd7 15. Rxg7 Qxe5 16. Rg5 Nf5 17. Qh5+ Kf8 18. Bd2
Nf6) 12. exd6 cxd6 13. Rg4 Qf7 14. Rf4 Qg6 15. Nc3 Nbc6 16. Nb5 (16. d5 exd5
17. Nxd5 Nxd5 18. Qxd5 O-O-O 19. Rf7 Rhf8 20. Rxf8 Rxf8 21. Be3) 16... O-O-O
17. Rg4 Qf5 18. c4 a6 19. Nc3 Rdf8 20. Be3 Ng6 21. Ne4 (21. Rg5 Qf6 22. d5 exd5
23. cxd5 Qe7 24. Rg3 Nd8 25. Rc1 Kb8 26. Qd4 $18) 21... Kc7 22. Ng3 {+1,03} Qf7
23. Qb3 (23. d5) 23... Qd7 24. Rd1 e5 25. Rg5 (25. Re4 exd4 26. Bxd4 Kb8 27.
Qa3 Qc7 28. Be3 Nge5 29. b3 Rf7 30. Rxd6 Rhf8 31. Rd5) 25... exd4 26. Bxd4 Nxd4
27. Rxd4 Qe7 28. h4 Nxh4 29. Rgg4 g5 30. Rge4 Qf6 31. Rd2 Rf7 32. Re1 Rhf8 33.
Ne4 Qe6 34. c5 Qxb3 35. cxd6+ Kd8 36. axb3 Re8 37. Ree2 Re5 38. Rc2 h5 39. Rc5
Rff5 40. Rc7 Ng6 41. Rxb7 Nf4 {-0,63} 42. Re3 Rd5 43. b4 {+1,35} Rb5 44. Rg7
Rbe5 45. Nf6 Rxf6 46. Rxe5 Rxd6 47. Rgxg5 Rd4 48. b5 axb5 49. Rxb5 h4 50. Kf2
Ke7 51. Ke3 Ne6 52. Rg6 Rd7 53. Rh6 Nc7 54. Re5+ Kf8 55. Rxh4 1-0

[Event "3.RSCO"]
[Site "Rostock"]
[Date "2003.??.??"]
[Round "8"]
[White "London 32 Bit, Mephisto"]
[Black "Montreux, Mephisto"]
[Result "0-1"]
[WhiteElo "2227"]
[BlackElo "2254"]
[Annotator "Völschow,Michael"]
[PlyCount "94"]
[EventDate "2003.??.??"]
[EventRounds "10"]
[EventCountry "GER"]
[SourceDate "2003.03.19"]

1. e4 c5 2. Nf3 d6 3. d4 cxd4 4. Nxd4 Nf6 5. Nc3 a6 6. Be2 e5 7. Nb3 Be7 8. O-O
O-O 9. Be3 Be6 10. Qd2 b5 11. a4 b4 12. Nd5 Nxe4 13. Nxe7+ Qxe7 14. Qxb4 {*} f5
{*} 15. f3 (15. Na5 Rc8 16. Bf3 Nd7 17. Bxe4 fxe4 18. Rfd1 Nc5 19. Bxc5 Rxc5
20. Qxe4 Rac8 21. c4 Rxa5 22. b4) 15... Nf6 16. Bc4 Rc8 17. Na5 Nc6 18. Nxc6
Rxc6 19. Bxe6+ Qxe6 20. Rad1 a5 21. Qb7 Qc8 22. Qxc8+ Raxc8 23. c3 Rb8 24. Rd2
f4 25. Bf2 Rc4 26. Ra1 e4 27. fxe4 Nxe4 28. Re2 g5 29. Kf1 Kf7 30. Ba7 Rb7 31.
Bd4 d5 32. Ra3 Rc8 33. Ra1 Ke6 34. h3 Rcb8 35. Ra2 h5 36. Rc2 {-0,42} Kf5 37.
Ke1 g4 38. Kd1 gxh3 39. gxh3 Rg8 (39... f3 40. Ke1 Kf4 41. Kf1 Rf8) 40. Rh2 {
-0,90} f3 {+1,57} 41. Ke1 Kf4 42. Kf1 Re7 {+2,48} 43. b4 Ng3+ {Mit der Ansage
Matt in 7 !!!} 44. Kf2 Rge8 45. Be5+ Rxe5 46. bxa5 Re1 47. Rd2 Rf1# 0-1

[Event "3.RSCO"]
[Site "Rostock"]
[Date "2003.??.??"]
[Round "9"]
[White "Montreux, Mephisto"]
[Black "London 32 Bit, Mephisto"]
[Result "0-1"]
[WhiteElo "2254"]
[BlackElo "2227"]
[Annotator "Völschow,Michael"]
[PlyCount "98"]
[EventDate "2003.??.??"]
[EventRounds "10"]
[EventCountry "GER"]
[SourceDate "2003.03.19"]

1. e4 e6 2. d4 d5 3. Nc3 Bb4 4. e5 Ne7 5. a3 Bxc3+ 6. bxc3 c5 7. Qg4 Nf5 8. Bd3
h5 {*} 9. Qh3 {*} Nc6 10. Ne2 Nfe7 11. Bb5 Bd7 12. Rb1 Qa5 13. Bxc6 Bxc6 14.
O-O Bb5 15. Re1 Nf5 16. Bg5 $6 (16. dxc5) 16... Bxe2 {+0,75} 17. Rxe2 {-0,22}
Qxa3 18. Qd3 O-O 19. Bc1 Qa2 20. Rxb7 cxd4 {1,21} 21. cxd4 Nxd4 22. Rd2 Nc6 23.
f4 Rfb8 24. Rb3 Rb4 25. Rxb4 Nxb4 26. Qc3 Qb1 27. Qb2 {-1,41} Qxb2 28. Bxb2 a5
{+1,54} 29. Ba3 Rb8 30. Kf2 Kh7 31. g3 Kg6 32. Ke2 Kf5 33. c3 Nc6 34. Kd3 Rb3
35. Bc5 g5 36. Rf2 a4 37. Kc2 Kg6 38. fxg5 Nxe5 39. h4 Nd7 40. Bb4 e5 41. Rf1
d4 42. Re1 f6 43. Ra1 Nb6 44. gxf6 Kxf6 45. Ra3 Rxa3 46. Bxa3 Nc4 47. Bc1 Ke6
48. cxd4 exd4 {+2,57} 49. Bh6 Kd5 0-1

[Event "3.RSCO"]
[Site "Rostock"]
[Date "2003.??.??"]
[Round "10"]
[White "London 32 Bit, Mephisto"]
[Black "Montreux, Mephisto"]
[Result "0-1"]
[WhiteElo "2227"]
[BlackElo "2254"]
[Annotator "Völschow,Michael"]
[PlyCount "84"]
[EventDate "2003.??.??"]
[EventRounds "10"]
[EventCountry "GER"]
[SourceDate "2003.03.19"]

1. e4 e5 2. Nf3 Nc6 3. Bb5 Bc5 4. c3 f5 5. d4 fxe4 6. dxc5 exf3 7. Qxf3 Nf6 {*}
8. O-O {*} O-O 9. Bg5 d5 10. cxd6 Qxd6 11. Bxc6 bxc6 12. Bxf6 Rxf6 13. Qe3 Ba6
14. Re1 Rd8 15. b3 Qd3 16. Qxa7 $6 (16. Qxd3 Rxd3 17. c4 Re6 18. f3) 16... Rdf8
17. a4 Rxf2 18. Qxf2 Rxf2 19. Kxf2 Qc2+ 20. Kg1 {-0,69} Qxb3 21. Nd2 Qxc3 22.
Ne4 Qd4+ 23. Nf2 h6 24. Rad1 Qxa4 25. Rxe5 Qb4 {+0,42} 26. Re4 Qb6 27. Rd8+ {
+0,06} Kh7 28. Re7 c5 29. Rdd7 Qb2 30. h3 c6 31. Rd6 {0,00} (31. Ne4 c4 32. Rd6
Qc1+ 33. Kh2 Kh8 34. Rxc6 Qf4+ 35. Kh1) 31... Qc1+ 32. Rd1 Qa3 33. Ne4 (33. Rd6
$11) 33... Bd3 34. Nf6+ Kg6 35. Ne8 {+0,60} c4 36. Rxg7+ {+0,81} Kf5 {+0,19}
37. Rf7+ (37. Re1 $11) 37... Ke5 38. Re1+ Kd4 39. Rfe7 $4 (39. Nf6 Qb2 40. Ng4
Qd2 41. Rfe7 c3 42. Nh2 Qb2 43. Nf3+ Kc5) 39... c3 {+1,56} 40. Rd7+ Kc4 41. Rc7
Kb5 42. Rb7+ Kc5 0-1